000 01040nam a2200241Ii 4500
003 JO-AjNU
008 230605s9999||||xx |||||||||||||| ||und||
017 _a21/5019
020 _a9960-9310-2-1
040 _aJO-AjNU
_bara
_erda
_cJO-AjNU
041 _aara
050 1 4 _aLC4015.068 2000
100 3 _aأورلوف،فرد بي تأليف/السرطاوي،عبد العزيز مترجم/خشان،أيمن إبراهيم مترجم/أبو جودة،وائل موسى تحرير,
_eauthor
_922754
245 0 0 _aتربية الأطفال ذوي الإعاقات المتعددة، الإتجاه شمولي الإختصاصات
250 _aط1
264 3 1 _aالرياض:أكاديمية التربية الخاصة،2000
300 _a702ص
336 _atext
_btxt
_2rdacontent
337 _aunmediated
_bn
_2rdamedia
338 _avolume
_bnc
_2rdacarrier
490 0 _aسلسلة إصدارات أكاديمية التربية الخاصة،5
650 4 _aرعاية المعاقين-الخدمة الإجتماعية
_922755
999 _aA8126
_c11694
_d11694